[Event "ESP-ch U16"]
[Site "Linares"]
[Date "2007.07.24"]
[Round "5"]
[White "Ribas Gomez, Diego"]
[Black "Moreno Gracia, Daniel"]
[Result "0-1"]
[WhiteElo "2043"]
[BlackElo "2237"]
[PlyCount "114"]
[EventDate "2007.07.22"]
[EventType "swiss"]
[EventRounds "9"]
[EventCountry "ESP"]
[SourceTitle "EXT 2008"]
[Source "ChessBase"]
[SourceDate "2007.11.25"]
[SourceVersion "1"]
[SourceVersionDate "2007.11.25"]
[SourceQuality "1"]

1. f4 c5 2. Nf3 d6 3. g3 g6 4. Bg2 Bg7 5. d3 Nc6 6. 0-0 Nf6 7. Qe1 0-0 8. c3 Rb8 9. Na3 b5 10. Nc2 b4 11. Nh4 Qc7 12. e4 a5 13. Qd2 a4 14. Re1 Bd7 15. Kh1 Rfc8 16. d4 b3 17. axb3 Na5 18. Qe2 Nxb3 19. Rb1 Bb5 20. Qf3 cxd4 21. Nxd4 Nxc1 22. Nxb5 Rxb5 23. Rexc1 Rcb8 24. Qe2 Qb6 25. Rc2 Rb3 26. e5 Ne8 27. Bd5 Rb5 28. Bc4 Rc5 29. Nf3 dxe5 30. Ba2 Qc6 31. Kg1 exf4 32. Qxe7 Rf5 33. g4 Bf8 34. Qe2 Rf6 35. Rd1 Bc5+ 36. Kf1 Ng7 37. Bd5 Qc7 38. g5 Re8 39. gxf6 Rxe2 40. Rxe2 Nf5 41. Re8+ Bf8 42. Ng5 Ne3+ 43. Ke1 Nxd1 44. Bxf7+ Qxf7 45. Nxf7 Kxf7 46. Rb8 Ne3 47. Ke2 a3 48. b4 Nc2 49. Ra8 g5 50. Kf3 Bd6 51. Ke4 g4 52. Ra6 Bb8 53. Ra8 g3 54. hxg3 fxg3 55. Kf3 Ne1+ 56. Ke2 g2 57. Kf2 Bh2 0-1

[Event "Jorge Alvarez Memorial 13th"]
[Site "El Ejido"]
[Date "2007.07.10"]
[Round "2"]
[White "Ribas Gomez, Diego"]
[Black "Saldano Dayer, Horacio"]
[Result "0-1"]
[WhiteElo "2043"]
[BlackElo "2451"]
[PlyCount "96"]
[EventDate "2007.07.09"]
[EventType "swiss"]
[EventRounds "9"]
[EventCountry "ESP"]
[SourceTitle "EXT 2008"]
[Source "ChessBase"]
[SourceDate "2007.11.25"]
[SourceVersion "1"]
[SourceVersionDate "2007.11.25"]
[SourceQuality "1"]

1. e4 c5 2. d3 Nc6 3. g3 g6 4. Bg2 Bg7 5. f4 d6 6. Nf3 Nf6 7. 0-0 0-0 8. c3 Rb8 9. h3 c4 10. g4 cxd3 11. Qxd3 b6 12. Nd4 Bb7 13. Be3 Nd7 14. b4 a5 15. Nxc6 Bxc6 16. b5 Bb7 17. a4 Rc8 18. Bf2 Qc7 19. Ra3 Qc4 20. Qe3 Rfe8 21. Re1 Qc5 22. Qe2 Qc4 23. Qe3 Nc5 24. Nd2 Qe6 25. Qg3 Qd7 26. Nb3 Nxa4 27. Rxa4 Qxb5 28. Ra3 Bxc3 29. Nd4 Qb4 30. Rb3 Bxe1 31. Rxb4 Bxb4 32. f5 a4 33. Nb5 Ba6 34. Bf1 Rc1 35. Qf4 Rxf1+ 36. Kxf1 Bxb5+ 37. Kg2 Bc3 38. Qe3 Be5 39. Qxb6 Bd3 40. Qc6 Rb8 41. Qxa4 gxf5 42. exf5 d5 43. Bd4 Be4+ 44. Kf2 Bd6 45. Qa2 f6 46. Qd2 Rb3 47. Be3 Be5 48. Bd4 Rd3 0-1